| 000 | 00974cam a22001814a 4500 | ||
|---|---|---|---|
| 005 | 20250605164334.0 | ||
| 008 | 250528s ||||||||||||||||||||||||d | ||
| 035 | _a23375 | ||
| 040 |
_aGR-AtMCL _bgre _dGR-AtMCL _eAACR2 |
||
| 245 | 1 | _aAn Interpretative Phenomenological Analysis of the Effect of Types of Labor on Woman's Transition to Motherhood and the Impact of this Transition on Couple's Relationship. | |
| 300 | _a69 | ||
| 520 | _aIntroduction, Postnatal Period,Transition to Prenthood, Methodology, Design, Participants, Materials, Procedure, Ethical Standards, Analysis, Women's Attitude toward the Type of Delivery, the Achievement of Motherhood, Women's Avoidance for Cesarean Section, Postnatal Depression, Fatigue, Postpartum Spousal Conflicts, Postpartum Sexual Abstinence, Discussion, Refrences, Appendix, PDP Element, | ||
| 700 | 1 |
_aAfentouli Panagiota _98929 |
|
| 700 | 1 |
_aSeferaj Panagiota _98935 |
|
| 942 | _cDS | ||
| 999 |
_c8399 _d8399 |
||